<?xml version="1.0" encoding="UTF-8"?>
<record
    xmlns:xsi="http://www.w3.org/2001/XMLSchema-instance"
    xsi:schemaLocation="http://www.loc.gov/MARC21/slim http://www.loc.gov/standards/marcxml/schema/MARC21slim.xsd"
    xmlns="http://www.loc.gov/MARC21/slim">

  <leader>00853nam a2200205   4500</leader>
  <controlfield tag="003">LK-CoMWRAF</controlfield>
  <controlfield tag="005">20231201120549.0</controlfield>
  <controlfield tag="008">231004b        |||||||| |||| 00| 0 eng d</controlfield>
  <datafield tag="040" ind1=" " ind2=" ">
    <subfield code="a">LK-CoMWRAF</subfield>
    <subfield code="d">LK-CoMWRAF</subfield>
    <subfield code="e">LK-CoMWRAF</subfield>
  </datafield>
  <datafield tag="041" ind1=" " ind2=" ">
    <subfield code="a">sin</subfield>
  </datafield>
  <datafield tag="082" ind1=" " ind2=" ">
    <subfield code="a">297</subfield>
    <subfield code="b">ISM</subfield>
  </datafield>
  <datafield tag="100" ind1=" " ind2=" ">
    <subfield code="a">&#xD89;&#xDC3;&#xDCA;&#xDB8;&#xDBA;&#xDD2;&#xDBD;&#xDCA;. &#xDB1;&#xDC3;&#xDD3;&#xDB8;&#xDCA;</subfield>
  </datafield>
  <datafield tag="110" ind1=" " ind2=" ">
    <subfield code="a">&#xD9A;&#xDBD;&#xDD3;&#xDBD;&#xDCA;. &#xDB8;&#xDC0;&#xDCA;&#xDBD;&#xDC0;&#xDD2;</subfield>
  </datafield>
  <datafield tag="245" ind1=" " ind2=" ">
    <subfield code="a">&#xDB4;&#xDBB;&#xDD2;&#xDC1;&#xDD4;&#xDAF;&#xDCA;&#xDB0;&#xDC0;&#xDD6; &#xD85;&#xDBD;&#xDCA;-&#xD9A;&#xDD4;&#xDBB;&#xDCA; &#xD86;&#xDB1;&#xDCA; :</subfield>
    <subfield code="b">&#xD85;&#xDBB;&#xDCA; &#xDAE;&#xDBA; &#xDC3;&#xDD2;&#xD82;&#xDC4;&#xDBD; &#xDB7;&#xDCF;&#xDC2;&#xDCF;&#xDC0;&#xDD9;&#xDB1;&#xDCA; &#xDA2;&#xDD6;&#xDC3;&#xDD4;&#xDC0; 01 &#xDC3;&#xDD2;&#xDA7; 30 &#xDAF;&#xD9A;&#xDCA;&#xDC0;&#xDCF;</subfield>
  </datafield>
  <datafield tag="246" ind1=" " ind2=" ">
    <subfield code="a">Paarishuddhawoo al-kuraan : Arthaya sinhala bhaashaawen jusuwa 01 sita 30 dakwa</subfield>
  </datafield>
  <datafield tag="260" ind1=" " ind2=" ">
    <subfield code="a">&#xDBB;&#xDAD;&#xDCA;&#xDB1;&#xDB4;&#xDD4;&#xDBB; :</subfield>
    <subfield code="b">&#xDA2;&#xDDA;. &#xDA2;&#xDDA;. &#xD9A;&#xDDA;. &#xDB4;&#xDB6;&#xDCA;&#xDBD;&#xDD2;&#xD9A;&#xDDA;&#xDC2;&#xDB1;&#xDCA;</subfield>
  </datafield>
  <datafield tag="300" ind1=" " ind2=" ">
    <subfield code="a">&#xDB4;&#xDD2;. 541</subfield>
  </datafield>
  <datafield tag="650" ind1=" " ind2=" ">
    <subfield code="a">&#xD9A;&#xDD4;&#xDBB;&#xDCF;&#xDAB;&#xDBA;--&#xDC3;&#xDD2;&#xD82;&#xDC4;&#xDBD;&#xDD9;&#xDB1;&#xDCA;</subfield>
  </datafield>
  <datafield tag="942" ind1=" " ind2=" ">
    <subfield code="c">BK</subfield>
  </datafield>
  <datafield tag="952" ind1=" " ind2=" ">
    <subfield code="0">0</subfield>
    <subfield code="1">0</subfield>
    <subfield code="4">0</subfield>
    <subfield code="7">0</subfield>
    <subfield code="a">MAIN</subfield>
    <subfield code="b">MAIN</subfield>
    <subfield code="d">2023-10-04</subfield>
    <subfield code="l">0</subfield>
    <subfield code="o">297 ISM</subfield>
    <subfield code="p">RAF2169</subfield>
    <subfield code="r">2023-10-04</subfield>
    <subfield code="w">2023-10-04</subfield>
    <subfield code="y">BK</subfield>
  </datafield>
  <datafield tag="952" ind1=" " ind2=" ">
    <subfield code="0">0</subfield>
    <subfield code="1">0</subfield>
    <subfield code="4">0</subfield>
    <subfield code="7">0</subfield>
    <subfield code="a">MAIN</subfield>
    <subfield code="b">MAIN</subfield>
    <subfield code="d">2023-10-04</subfield>
    <subfield code="l">0</subfield>
    <subfield code="o">297 ISM</subfield>
    <subfield code="p">RAF2170</subfield>
    <subfield code="r">2023-10-04</subfield>
    <subfield code="w">2023-10-04</subfield>
    <subfield code="y">BK</subfield>
  </datafield>
  <datafield tag="999" ind1=" " ind2=" ">
    <subfield code="c">3777</subfield>
    <subfield code="d">3777</subfield>
  </datafield>
</record>
